Statistics for Every UK #1 single of the 90s, 00s & 10s - Part 1

Click here to take the quiz!

General Stats

  • This quiz has been taken 123 times
  • The average score is 238 of 492

Answer Stats

YearSingleArtist% Correct
1993Five LiveGeorge Michael & Queen
86%
2002Without MeEminem
85%
2002Lose YourselfEminem
85%
2004Just Lose ItEminem
85%
2000The Real Slim ShadyEminem
85%
2005Like Toy SoldiersEminem
85%
2000StanEminem
85%
1990Do They Know It's Christmas?Band Aid II
83%
2000We Will Rock YouFive + Queen
83%
1991InnuendoQueen
82%
1991Bohemian Rhapsody/These Are the Days of Our LivesQueen
82%
2007Beautiful LiarBeyonce & Shakira
80%
20084 MinutesMadonna
80%
2000MusicMadonna
80%
2000American PieMadonna
80%
1998FrozenMadonna
80%
1990VogueMadonna
80%
2006SorryMadonna
80%
2005Hung UpMadonna
80%
1998Viva ForeverSpice Girls
80%
1998GoodbyeSpice Girls
80%
1997Spice Up Your LifeSpice Girls
80%
1997Mama/Who Do You Think You AreSpice Girls
80%
19962 Become 1Spice Girls
80%
1996Say You'll Be ThereSpice Girls
80%
1997Too MuchSpice Girls
80%
1996WannabeSpice Girls
80%
2000Holler/Let Love Lead the WaySpice Girls
80%
2000Born to Make You HappyBritney Spears
79%
2004ToxicBritney Spears
79%
2004EverytimeBritney Spears
79%
1999...Baby One More TimeBritney Spears
79%
2000Oops... I Did It AgainBritney Spears
79%
2007StrongerKanye West
79%
1992I Will Always Love YouWhitney Houston
79%
2006Deja VuBeyonce
77%
2008If I Were a BoyBeyonce
77%
2003Crazy in LoveBeyonce ft Jay Z
77%
2001Lady MarmaladeChristina Aguilera, Lil Kim, Mya and Pink
77%
1996FastloveGeorge Michael
77%
1996Jesus to a ChildGeorge Michael
77%
2009Poker FaceLady Gaga
77%
2009Just DanceLady Gaga
77%
2009Bad RomanceLady Gaga
77%
1996Don't Look Back in AngerOasis
77%
1997D'You Know What I Mean?Oasis
77%
1998All Around the WorldOasis
77%
2002The Hindu TimesOasis
77%
2005The Importance of Being IdleOasis
77%
2005LylaOasis
77%
2000Go Let It OutOasis
77%
1995Some Might SayOasis
77%
1990Ice Ice BabyVanilla Ice
77%
1997Blood on the Dance FloorMichael Jackson
76%
1991Black Or WhiteMichael Jackson
76%
1995Earth SongMichael Jackson
76%
1995You Are Not AloneMichael Jackson
76%
2008Take a BowRihanna
76%
1997DiscothequeU2
76%
2005Sometimes You Can't Make It on Your OwnU2
76%
2004VertigoU2
76%
2000Beautiful DayU2
76%
1991The FlyU2
76%
1998BelieveCher
75%
1995Love Can Build A BridgeCher
75%
1991The Shoop Shoop Song (It's In His Kiss)Cher
75%
2008I Kissed a GirlKaty Perry
75%
2006Hips Don't LieShakira
75%
2006Hips Don't LieShakira
75%
2009I Gotta FeelingThe Black Eyed Peas
75%
2003Where Is the Love?The Black Eyed Peas
75%
2009Boom Boom PowThe Black Eyed Peas
75%
2009Boom Boom PowThe Black Eyed Peas
75%
2009I Gotta FeelingThe Black Eyed Peas
75%
2009Meet Me HalfwayThe Black Eyed Peas
75%
2002Just Like A PillPink
73%
2008So WhatPink
73%
2000Rock DJRobbie Williams
73%
2004RadioRobbie Williams
73%
2001Eternity/The Road to MandalayRobbie Williams
73%
1999She's the One/It's Only UsRobbie Williams
73%
1998MillenniumRobbie Williams
73%
1990Nothing Compares 2 USinead O'Connor
73%
2005One Night/I Got StungElvis Presley
72%
2005Jailhouse RockElvis Presley
72%
2005It's Now or NeverElvis Presley
72%
1999I Want It That WayBackstreet Boys
70%
1998My Heart Will Go OnCeline Dion
70%
1995Think TwiceCeline Dion
70%
1998My Heart Will Go OnCeline Dion
70%
20007 DaysCraig David
70%
2000Fill Me InCraig David
70%
2003Are You Ready For LoveElton John
70%
1990Sacrifice/Healing HandsElton John
70%
1997Candle In the Wind/Something About the Way You Look TonightElton John
70%
2006SexyBackJustin Timberlake
70%
2007UmbrellaRihanna ft Jay Z
70%
2003Ignition (Remix)R Kelly
70%
1997I Believe I Can FlyR Kelly
70%
2001It Wasn't MeShaggy
70%
1993Oh CarolinaShaggy
70%
1995BoombasticShaggy
70%
2001AngelShaggy ft Rayvon
70%
1994Everything ChangesTake That
70%
1994SureTake That
70%
1995Back For GoodTake That
70%
2006PatienceTake That
70%
2008Greatest DayTake That
70%
2007ShineTake That
70%
1993BabeTake That
70%
1995Never ForgetTake That
70%
1993PrayTake That
70%
1996How Deep is Your LoveTake That
70%
1993Relight My FireTake That ft Lulu
70%
2003BeautifulChristina Aguilera
69%
1999Genie in a BottleChristina Aguilera
69%
2002DirrtyChristina Aguilera
69%
2008Viva la VidaColdplay
69%
2001SurvivorDestiny's Child
69%
2000Independent Women Part IDestiny's Child
69%
1991Don't Let The Sun Go Down On MeGeorge Michael & Elton John
69%
2001Can't Get You Out of My HeadKylie Minogue
69%
1990Tears on My PillowKylie Minogue
69%
2000Spinning AroundKylie Minogue
69%
2003SlowKylie Minogue
69%
1999Livin' La Vida LocaRicky Martin
69%
1998Turn Back TimeAqua
68%
1998Doctor JonesAqua
68%
1997Barbie GirlAqua
68%
2008Sex on FireKings of Leon
68%
2001Somethin' StupidRobbie Williams and Nicole Kidman
68%
1997Men In BlackWill Smith
68%
1997Don't SpeakNo Doubt
66%
2005Don't ChaPussycat Dolls
66%
2005StickwituPussycat Dolls
66%
2004Yeah!Usher
66%
2004BurnUsher
66%
1998You Make Me WannaUsher
66%
2000My LoveWestlife
65%
2003MandyWestlife
65%
2005You Raise Me UpWestlife
65%
1999Swear It AgainWestlife
65%
2001Uptown GirlWestlife
65%
2002World of Our OwnWestlife
65%
1999I Have a Dream/Seasons in the SunWestlife
65%
1999Flying Without WingsWestlife
65%
2002UnbreakableWestlife
65%
2001Queen of My HeartWestlife
65%
1999If I Let You GoWestlife
65%
2006The RoseWestlife
65%
2000Fool AgainWestlife
65%
2002The Tide Is High (Get the Feeling)Atomic Kitten
63%
2001Whole AgainAtomic Kitten
63%
2001Eternal FlameAtomic Kitten
63%
1991(Everything I Do) I Do It For YouBryan Adams
63%
2008RunLeona Lewis
63%
2006A Moment Like ThisLeona Lewis
63%
2007Bleeding LoveLeona Lewis
63%
2007Walk This WaySugababes vs Girls Aloud
63%
1995Gangsta's ParadiseCoolio ft LV
62%
1997MMMBopHanson
62%
2005Over and OverNelly
62%
2004My PlaceNelly
62%
2002DilemmaNelly ft Kelly Rowland
62%
2003Hole In the HeadSugababes
62%
2002Freak Like MeSugababes
62%
2005Push the ButtonSugababes
62%
2007About You NowSugababes
62%
2002Round RoundSugababes
62%
2001Love Don't Cost a ThingJennifer Lopez
59%
2005Get RightJennifer Lopez
59%
2006SmileLily Allen
59%
2009The FearLily Allen
59%
2000Against All OddsMariah Carey
59%
1994Without YouMariah Carey
59%
1999Bring It All BackS Club 7
59%
2001Don't Stop Movin'S Club 7
59%
2001Don't Stop Movin'S Club 7
59%
2001Have You EverS Club 7
59%
2000Never Had a Dream Come TrueS Club 7
59%
1999We're Going to IbizaVengaboys
59%
1999Boom Boom Boom BoomVengaboys
59%
1996Ready Or NotFugees
58%
1996Killing Me SoftlyFugees
58%
1996Killing Me SoftlyFugees
58%
2005You're BeautifulJames Blunt
58%
1993I'd Do Anything For Love (But I Won't Do That)Meat Loaf
58%
2007Grace KellyMika
58%
2000Life Is a RollercoasterRonan Keating
58%
1999When You Say Nothing at AllRonan Keating
58%
2002If Tomorrow Never ComesRonan Keating
58%
1999Lift Me UpGeri Halliwell
56%
1999Mi Chico LatinoGeri Halliwell
56%
2000Bag It UpGeri Halliwell
56%
2001It's Raining MenGeri Halliwell
56%
2002Sound of the UndergroundGirls Aloud
56%
2004I'll Stand By YouGirls Aloud
56%
2008The PromiseGirls Aloud
56%
2006I Don't Feel Like Dancin'Scissor Sisters
56%
1997Teletubbies Say 'Eh-oh!'Teletubbies
56%
2007I'm Gonna Be (500 Miles)The Proclaimers
56%
2002HeroEnrique Iglesias
55%
2009My Life Would Suck Without YouKelly Clarkson
55%
2007When You BelieveLeon Jackson
55%
1999Heartbeat/TragedySteps
55%
2000StompSteps
55%
2000Black CoffeeAll Saints
54%
1998Under the Bridge/Lady MarmaladeAll Saints
54%
1998Never EverAll Saints
54%
1998Under the Bridge/Lady MarmaladeAll Saints
54%
1998Bootie CallAll Saints
54%
2000Pure ShoresAll Saints
54%
2001Mambo No. 5Bob the Builder
54%
2000Can We Fix It?Bob the Builder
54%
1992End of the RoadBoyz II Men
54%
1999Blame It On the WeathermanB*Witched
54%
1998To You I BelongB*Witched
54%
1998RollercoasterB*Witched
54%
1998C'est La VieB*Witched
54%
1993Mr BlobbyMr Blobby
54%
1993Mr BlobbyMr Blobby
54%
2006ManeaterNelly Furtado
54%
1996FlavaPeter Andre
54%
1996I Feel YouPeter Andre
54%
2006Smack ThatAkon
52%
2005LonelyAkon
52%
2005I Bet You Look Good on the DancefloorArctic Monkeys
52%
2006When the Sun Goes DownArctic Monkeys
52%
2008MercyDuffy
52%
2007RubyKaiser Chiefs
52%
1999Mambo No. 5 (A Little Bit Of...)Lou Bega
52%
2007Baby's Coming Back/TransylvaniaMcFly
52%
2005I'll Be OKMcFly
52%
2006Star GirlMcFly
52%
2006Don't Stop Me Now/Please, PleaseMcFly
52%
2004Five Colours In Her HairMcFly
52%
2005All About You/You've Got A FriendMcFly
52%
2004ObviouslyMcFly
52%
1996FirestarterThe Prodigy
52%
1996BreatheThe Prodigy
52%
1998Because We Want ToBillie
51%
1998GirlfriendBillie
51%
1996WordsBoyzone
51%
1998All That I NeedBoyzone
51%
1996A Different BeatBoyzone
51%
1998No Matter WhatBoyzone
51%
1999When the Going Gets ToughBoyzone
51%
1999You Needed MeBoyzone
51%
2006It's Chico TimeChico
51%
2009Sexy ChickDavid Guetta
51%
2009When Love Takes OverDavid Guetta
51%
2008American BoyEstelle ft Kanye West
51%
1999Praise YouFatboy Slim
51%
2001Let's DanceFive
51%
1999Keep on Movin'Five
51%
2008CloserNe-Yo
51%
2003Leave Right NowWill Young
51%
2002Anything Is Possible/EvergreenWill Young
51%
2002Light My FireWill Young
51%
2002The Long and Winding Road/Suspicious MindsWill Young and Gareth Gates
51%
1995Country HouseBlur
49%
1997BeetlebumBlur
49%
2009Fight for This LoveCheryl Cole
49%
1994Stay Another DayEast 17
49%
2003Bring Me to LifeEvanescence
49%
2002Anyone of Us (Stupid Mistake)Gareth Gates
49%
2002Unchained MelodyGareth Gates
49%
2008HallelujahAlexandra Burke
48%
2005Axel FCrazy Frog
48%
2002If You're Not the OneDaniel Bedingfield
48%
2003Never Gonna Leave Your SideDaniel Bedingfield
48%
2002Gotta Get Thru ThisDaniel Bedingfield
48%
2001Gotta Get Thru ThisDaniel Bedingfield
48%
2003Spirit In the SkyGareth Gates and The Kumars
48%
2006Welcome to the Black ParadeMy Chemical Romance
48%
2004Mysterious GirlPeter Andre
48%
1994The Most Beautiful Girl In the WorldPrince
48%
1997I'll Be Missing YouPuff Daddy
48%
1997I'll Be Missing YouPuff Daddy
48%
2003All the Things She SaidtATu
48%
19983 Lions '98Baddiel, Skinner & The Lightning Seeds
46%
1996Three LionsBaddiel, Skinner & The Lightning Seeds
46%
1996Three LionsBaddiel, Skinner & The Lightning Seeds
46%
2003You Said NoBusted
46%
2003Crashed the WeddingBusted
46%
2004Who's David?Busted
46%
2004Thunderbirds/3amBusted
46%
1999Blue (Da Ba Dee)Eiffel 65
46%
2002Kiss KissHolly Valance
46%
2009Beat AgainJLS
46%
2009Everybody in LoveJLS
46%
2005Ghetto Gospel2pac
45%
1999MariaBlondie
45%
2002Sorry Seems to Be the Hardest WordBlue
45%
2001Too CloseBlue
45%
2001If You Come BackBlue
45%
2000Can't Fight the MoonlightLeAnn Rimes
45%
1991Should I Stay Or Should I GoThe Clash
45%
1999The Millennium PrayerCliff Richard
44%
1990Saviour's DayCliff Richard
44%
2000RiseGabrielle
44%
1993DreamsGabrielle
44%
2006CrazyGnarls Barkley
44%
1997The Drugs Don't WorkThe Verve
44%
1993All That She WantsAce of Base
42%
2001Rollin'Limp Bizkit
42%
2004These WordsNatasha Bedingfield
42%
2009Killing in the NameRage Against the Machine
42%
2007Beautiful GirlsSean Kingston
42%
2008That's Not My NameThe Ting Tings
42%
2009HolidayDizzee Rascal
41%
2008Dance Wiv MeDizzee Rascal
41%
2009BonkersDizzee Rascal
41%
2001Pure and SimpleHear'Say
41%
2001The Way to Your LoveHear'Say
41%
2009Run This TownJay Z
41%
2006So SickNe-Yo
41%
2007The Way I AreTimbaland
41%
2007Give It to MeTimbaland
41%
1994Love Is All AroundWet Wet Wet
41%
1992Goodnight GirlWet Wet Wet
41%
2009Evacuate the DancefloorCascada
39%
2002A Little Less ConversationElvis Presley vs JXL
39%
2000Never Be the Same AgainMel C
39%
2000I Turn To YouMel C
39%
1990The PowerSnap
39%
1992Rhythm Is A DancerSnap
39%
2005DakotaStereophonics
39%
1999Pretty Fly (For A White Guy)The Offspring
39%
1991Do The BartmanThe Simpsons
39%
2001Because I Got HighAfroman
38%
1996Breakfast at Tiffany'sDeep Blue Something
38%
1996Ooh Aah... Just A Little BitGina G
38%
2009BulletproofLa Roux
38%
1995Cotton Eye JoeRednex
38%
2004Dry Your EyesThe Streets
38%
1994Saturday NightWhigfield
38%
2008All Summer LongKid Rock
37%
1995FairgroundSimply Red
37%
2009Bad BoysAlexandra Burke
35%
2009I'm Not AloneCalvin Harris
35%
2004Call on MeEric Prydz
35%
2005DareGorillaz
35%
2009The Official BBC Children in Need MedleyPeter Kay's Animated All Star Band
35%
2000Take on MeA1
34%
2000Same Old Brand New YouA1
34%
1991The One And OnlyChesney Hawkes
34%
2002ColourblindDarius
34%
1997I Wanna Be the Only OneEternal
34%
2002The Ketchup SongLas Ketchup
34%
200121 SecondsSo Solid Crew
34%
2000BreathlessThe Corrs
34%
1990Unchained MelodyThe Righteous Brothers
34%
2004Do They Know It's Christmas?Band Aid 20
32%
2001What Took You So Long?Emma Bunton
32%
1991Any Dream Will DoJason Donovan
32%
1999Fly AwayLenny Kravitz
32%
2000The Masses Against the ClassesManic Street Preachers
32%
1998If You Tolerate This Your Children Will Be NextManic Street Preachers
32%
2005That's My GoalShayne Ward
32%
2009Break Your HeartTaio Cruz
32%
1994The Real ThingTony Di Bart
32%
1993(I Can't Help) Falling in Love With YouUB40
32%
2008Now You're GoneBasshunter
31%
1999Chocolate Salty Balls (PS I Love You)Chef
31%
1994Things Can Only Get BetterD:Ream
31%
2009Right RoundFlo Rida
31%
2002Just a LittleLiberty X
31%
1990World In MotionNew Order
31%
1995I Believe/Up on the RoofRobson & Jerome
31%
1995Unchained Melody/(There'll Be Bluebirds Over) The White Cliffs of DoverRobson & Jerome
31%
1996What Becomes of the Brokenhearted/Saturday Night at the Movies/You'll Never Walk AloneRobson & Jerome
31%
2007With Every HeartbeatRobyn
31%
2005Is This the Way to AmarilloTony Christie
31%
2002My Sweet LordGeorge Harrison
30%
1998Deeper UndergroundJamiroquai
30%
1994Come On You RedsManchester United F.C.
30%
1996Return of the MackMark Morrison
30%
1999Perfect MomentMartine McCutcheon
30%
2006AmericaRazorlight
30%
1998It's Like ThatRun DMC
30%
1993No Limit2 Unlimited
28%
2002HeavenDJ Sammy
28%
2004Fuck It (I Don't Want You Back)Eamon
28%
2004F.U.R.B. (Fuck You Right Back)Frankee
28%
1992Deeply DippyRight Said Fred
28%
2006I Wish I Was a Punk Rocker (With Flowers in My Hair)Sandi Thom
28%
2000Groovejet (If This Ain't Love)Spiller
28%
1992Would I Lie to You?Charles & Eddie
27%
2005GoodiesCiara
27%
1998Brimful of AshaCornershop
27%
2000Don't Call Me BabyMadison Avenue
27%
2000Lady (Hear Me Tonight)Modjo
27%
1990Hangin' ToughNew Kids on the Block
27%
1998Freak MeAnother Level
25%
2002CrossroadsBlazin' Squad
25%
1990A Little TimeThe Beautiful South
25%
1998I Want You BackMel B
24%
2008HeroThe X Factor Finalists
24%
2009You Are Not AloneThe X Factor Finalists
24%
1999A Little Bit More911
23%
19999pm (Til I Come)ATB
23%
2003BreatheBlu Cantrell ft Sean Paul
23%
2001Hey BabyDJ Otzi
23%
1996Forever LoveGary Barlow
23%
1992StayShakespears Sister
23%
2000It Feels So GoodSonique
23%
1990KillerAdamski
21%
2003Stop Living the LieDavid Sneddon
21%
1993Boom! Shake the RoomDJ Jazzy Jeff & The Fresh Prince
21%
1993Living on My OwnFreddie Mercury
21%
1991Bring Your Daughter... To the SlaughterIron Maiden
21%
2003Mad WorldMichael Andrews and Gary Jules
21%
2006Nasty GirlNotorious BIG
21%
1997You're Not AloneOlive
21%
2009Mama Do (Uh Oh, Uh Oh)Pixie Lott
21%
1993Young at HeartThe Bluebells
21%
1996Setting SunThe Chemical Brothers
21%
1990The JokerThe Steve Miller Band
21%
2009Number 1Tinchy Stryder
21%
2009Never Leave YouTinchy Stryder
21%
1993Mr VainCulture Beat
20%
2000Toca's MiracleFragma
20%
1991DizzyVic Reeves & The Wonder Stuff
20%
2001Another ChanceRoger Sanchez
18%
1992Ebeneezer GoodeThe Shamen
18%
1998Perfect DayVarious Artists
18%
1997Perfect DayVarious Artists
18%
1997Your WomanWhite Town
18%
1999Everybody's Free (To Wear Sunscreen)Baz Luhrmann
17%
2004Cha Cha Slide (Part 2)DJ Casper
17%
1999Flat BeatMr Oizo
17%
2009Boys and GirlsPixie Lott
17%
1997Block Rockin' BeatsThe Chemical Brothers
17%
1997Professional WidowTori Amos
17%
1999King of My CastleWamdue Project
17%
1996SpacemanBabylon Zoo
15%
2000Day & NightBillie Piper
15%
1992Ain't No DoubtJimmy Nail
15%
2004Take Me to the Clouds AboveLMC vs U2
15%
2004All This TimeMichelle McManus
15%
2005JCBNizlopi
15%
1995Don't Stop (Wiggle Wiggle)Outhere Brothers
15%
1995Boom Boom BoomOuthere Brothers
15%
2004Baby Cakes3 of a Kind
14%
2002More Than A WomanAaliyah
14%
1994Let Me Be Your FantasyBaby D
14%
2001Do You Really Like It?DJ Pied Piper
14%
1996Knockin' on Heaven's Door/Throw These Guns AwayDunblane
14%
1997Love Won't WaitGary Barlow
14%
1990Show Me HeavenMaria McKee
14%
2006No TomorrowOrson
14%
2004Lola's ThemeShapeshifters
14%
2005Against All OddsSteve Brookstein
14%
1992Sleeping SatelliteTasmin Archer
14%
2009Oopsy DaisyChipmunk
13%
1991I Wanna Sex You UpColor Me Badd
13%
1992Abba-esqueErasure
13%
1994Baby Come BackPato Banton
13%
1998Feel ItThe Tamperer
13%
1990Dub Be Good to MeBeats International
11%
1994DoopDoop
11%
1991Sadness (Part 1)Enigma
11%
2006Put Your Hands Up For DetroitFedde Le Grand
11%
1995DreamerLivin' Joy
11%
2004With A Little Help From My FriendsSam & Mark
11%
1999Sweet Like ChocolateShanks & Bigfoot
11%
19913 a.m. EternalThe KLF
11%
1999You Don't Know MeArmand Van Helden
10%
1990Itsy Bitsy Teeny Weenie Yellow Polka Dot BikiniBombalurina
10%
1994Twist and ShoutChaka Demus & Pliers
10%
2003Be FaithfulFatman Scoop
10%
2004I Don't Wanna KnowMario Winans
10%
1990Turtle PowerPartners In Cryme
10%
2001Touch MeRui da Silva
10%
2004Real to MeBrian McFadden
8%
2000Don't Give UpChicane
8%
2003Make LuvRoom 5
8%
1994InsideStiltskin
8%
2000You See the Trouble with MeBlack Legend
7%
1991The StonkHale and Pace
7%
2003ChangesKelly Osbourne and Ozzy Osbourne
7%
1992Please Don't Go/Game BoyKWS
7%
2006Thunder in My Heart AgainMeck
7%
2000Bound 4 Da Reload (Casualty)Oxide & Neutrino
7%
2009Islands in the StreamVanessa Jenkins and Bryn West
7%
2004WonderfulJa Rule
6%
1997Ain't NobodyLL Cool J
4%
2008Singin' in the RainMint Royale
4%
2007What a Wonderful WorldKatie Melua and Eva Cassidy
3%
2003LonlinessTomcraft
3%
1998Gym and TonicSpacedust
1%

Score Distribution

Percentile by Number Answered

Percent of People with Each Score

Your Score History

You have not taken this quiz